Electronic engineering materials and devices. (Record no. 545600)

000 -LEADER
fixed length control field 00554cam a2200169 4500
020 ## - INTERNATIONAL STANDARD BOOK NUMBER
International Standard Book Number 0070941513
082 00 - DEWEY DECIMAL CLASSIFICATION NUMBER
Classification number 621.381
Author Mark ALL
-- L-11, P-25
100 1# - MAIN ENTRY--PERSONAL NAME
Personal name Allison, John.
9 (RLIN) 41508
245 10 - TITLE STATEMENT
Title Electronic engineering materials and devices.
260 ## - PUBLICATION, DISTRIBUTION, ETC.
Place of publication, distribution, etc. London,
-- New York,
Name of publisher, distributor, etc. McGraw-Hill
Date of publication, distribution, etc. [1971]
300 ## - PHYSICAL DESCRIPTION
Extent xii, 302 p.
Other physical details illus.
Dimensions 24 cm.
490 0# - SERIES STATEMENT
Series statement European electrical and electronic engineering series
526 ## - STUDY PROGRAM INFORMATION NOTE
Program name 0
Interest level 0
Reading level 0
Title point value 621_381000000000000_ALL
650 #0 - SUBJECT ADDED ENTRY--TOPICAL TERM
Topical term or geographic name entry element Electronics
General subdivision Materials.
9 (RLIN) 41509
650 #0 - SUBJECT ADDED ENTRY--TOPICAL TERM
Topical term or geographic name entry element Semiconductors.
9 (RLIN) 11016
942 ## - ADDED ENTRY ELEMENTS (KOHA)
Source of classification or shelving scheme
Koha item type Book
Holdings
Withdrawn status Lost status Source of classification or shelving scheme Damaged status Not for loan Permanent Location Current Location Date acquired Total Checkouts Full call number Barcode Date last seen Price effective from Koha item type
          Military College of Engineering (MCE) Military College of Engineering (MCE) 05/27/2014   621.381 ALL MCE-3904 02/08/2017 05/27/2014 Book
© 2023 Central Library, National University of Sciences and Technology. All Rights Reserved.